LIBRARY ONLINE CATALOGUE

C++ plus data structures. (Record no. 643)

MARC details
000 -LEADER
fixed length control field 00554nam a22001932 4500
001 - CONTROL NUMBER
control field 0000006239
005 - DATE AND TIME OF LATEST TRANSACTION
control field 20151021151109.0
008 - FIXED-LENGTH DATA ELEMENTS--GENERAL INFORMATION
fixed length control field 070928s xx 000 0 eng d
040 ## - CATALOGING SOURCE
Original cataloging agency KABU
Transcribing agency KABU
100 1# - MAIN ENTRY--PERSONAL NAME
Personal name Dale, Nell B.
-- 0000117106
245 10 - TITLE STATEMENT
Title C++ plus data structures.
250 ## - EDITION STATEMENT
Edition statement 3rd ed.
260 ## - PUBLICATION, DISTRIBUTION, ETC. (IMPRINT)
Place of publication, distribution, etc. Boston :
Name of publisher, distributor, etc. Jones and Bartlett,
Date of publication, distribution, etc. 2003.
300 ## - PHYSICAL DESCRIPTION
Extent xvi, 816 p.
650 #0 - SUBJECT ADDED ENTRY--TOPICAL TERM
Topical term or geographic name as entry element C++ (Computer program language)
-- 0000154344
908 ## - PUT COMMAND PARAMETER (RLIN)
Put command parameter 070928
950 ## - LOCAL HOLDINGS (RLIN)
-- 1
Holdings
Withdrawn status Lost status Source of classification or shelving scheme Not for loan Home library Current library Date acquired Total Checkouts Full call number Barcode Date last seen Date last checked out Price effective from Koha item type
    Library of Congress Classification   Kabarak, Nakuru City Campus Kabarak, Main Campus 21/10/2015 4 QA76.73 .C153D35 2003 005735 17/02/2023 03/01/2023 21/10/2015 General Collection